| 000 | 00472nam a22001817a 4500 | ||
|---|---|---|---|
| 005 | 20220528130423.0 | ||
| 008 | 220528b ||||| |||| 00| 0 eng d | ||
| 020 | _a9789382056843 | ||
| 040 |
_aIN-DiNC _cIN-DiNC |
||
| 041 | _dasm | ||
| 100 |
_aDas Dipen _eauthor |
||
| 245 |
_aPolitical theory _bConcepts and debates _cby Dipen Das |
||
| 250 | _a2nd ed. | ||
| 260 |
_aDibrugarh _bBanalata _c2021 |
||
| 300 | _a304p. | ||
| 700 |
_aDipen Saikia _eauthor |
||
| 942 |
_2ddc _cBK |
||
| 999 |
_c11308 _d11308 |
||